| 000 | 00937cab a2200253 4500 | ||
|---|---|---|---|
| 001 | ABS46079 | ||
| 008 | 090401t1992 xxu||||| |||| 00| 0 eng d | ||
| 035 | _a(Sirsi) u56733 | ||
| 041 | _aeng | ||
| 100 | _aWalker, D. | ||
| 245 | _aLabour`s priorities | ||
| 260 | _c1992 | ||
| 350 | _a0 | ||
| 490 |
_aMunicipal Journal _v(11) 13-19 March 1992, 20-21(2) |
||
| 520 | _aOutlines Labour Party policy for housing, including the abolition of compulsory competitive tendering for housing management, the phasing out of housing action trusts, the creation of a funded national tenants` organisation and a boost in council housebuilding programmes funded by capital receipts from the sale of council houses. | ||
| 650 | _aHOUSING ASSOCIATIONS | ||
| 650 | _aHOUSING CORPORATION | ||
| 650 | _aLABOUR PARTY | ||
| 650 | _aNATIONAL HOUSING BANK | ||
| 650 | _aSOCIAL HOUSING | ||
| 690 | _aHOUSING | ||
| 942 | _n0 | ||
| 948 | _c04/03/1997 | ||
| 999 |
_c34629 _d34629 |
||